Administración de proyectos: guía para el aprendizaje

Salvato in:
Dettagli Bibliografici
Autori principali: Rivera Martínez, Francisco (Autore), Hernández Chávez, Gisel (Autore)
Natura: Libro
Lingua:spagnolo
Pubblicazione: Cuernavaca Pearson Educación 2010
Edizione:1a. ed
Soggetti:
Tags: Aggiungi Tag
Nessun Tag, puoi essere il primo ad aggiungerne!!

MARC

LEADER 00000cam a2200000 a 4500
001 UCC2422
003 CL-VaPUC
008 180302e20100000mx |||||||||||||||||spa|d
020 |a 9786074426205 
082 0 4 |a 658.404  |b RIV  |2 21 
100 0 |a Rivera Martínez, Francisco  |e author  |9 596529 
700 0 |a Hernández Chávez, Gisel  |e author  |9 596530 
245 1 0 |a Administración de proyectos: guía para el aprendizaje 
250 |a 1a. ed 
300 |a 337 p 
942 |c BK 
945 |d 20180302 15:02:00  |a dcastane 
260 |a Cuernavaca  |b Pearson Educación  |c 2010 
650 0 |a Gestión de proyectos  |9 260970 
650 0 |a Planificación estratégica   |9 259735 
583 |a last modification  |c 20180302 15:02:00  |k Rodrigo Vera 
999 |c 370570  |d 370568 
952 |0 0  |1 0  |3 erb  |4 0  |6 658_404000000000000_RIV_2010  |7 0  |8 A  |9 487102  |a BIBING  |b BIBING  |i 5451922  |o 658.404 RIV 2010  |p 5451922  |r 2025-01-20  |w 2019-11-24  |y BK  |z Catalogado en:20180302  |k CCI 
952 |0 0  |1 0  |3 erb  |4 0  |6 658_404000000000000_RIV_2010  |7 0  |8 A  |9 487103  |a BIBING  |b BIBING  |i 5451930  |o 658.404 RIV 2010  |p 5451930  |r 2025-01-20  |w 2019-11-24  |y BK  |z Catalogado en:20180302  |k CCI